| 000 | 00867cam a2200265 i 4500 | ||
|---|---|---|---|
| 999 |
_c3462 _d3462 |
||
| 001 | 4173884 | ||
| 003 | GBCCL | ||
| 005 | 20241126110455.0 | ||
| 008 | 790228t19791973njua b 000 0 eng | ||
| 010 | _a 79063273 | ||
| 020 |
_a0800710371 : _c$3.95 |
||
| 040 |
_aDLC _cDLC _dDLC |
||
| 050 | 1 | 0 |
_aBV3793 _b.C63 1979 |
| 082 | 0 | 0 |
_a269.2 _bCOL |
| 100 | 1 |
_aColeman, Robert E., _d1928- _95423 |
|
| 245 | 1 | 0 |
_aThey meet the Master : _ba study manual on the personal evangelism of Jesus / _cRobert E. Coleman ; graphic design by Paul Lewis. |
| 250 | _aRev. ed. | ||
| 260 |
_aOld Tappan, N.J. : _bRevell, _c[1979] c1973. |
||
| 300 |
_a150 p. : _bill. ; _c18 cm. |
||
| 504 | _aBibliography: p. [145]-150. | ||
| 600 | 0 | 0 |
_aJesus Christ _xPerson and offices. _9268 |
| 650 | 0 |
_aEvangelistic work. _9290 |
|
| 906 |
_a7 _bcbc _corignew _d1 _eopcn _f19 _gy-gencatlg |
||
| 942 |
_2ddc _cBK |
||